| 000 | 00765nam a2200217 i 4500 | ||
|---|---|---|---|
| 001 | 86133 | ||
| 003 | ES-MaACL | ||
| 007 | t| | ||
| 008 | 041207s1985 sp ||||1| spa d | ||
| 020 | _a83-276-0712-1 | ||
| 245 | 0 | 3 |
_aEl Kalevala / _cElias Lönnrot ; edición preparada por Joaquín Fernández y Ursula Ojanen. |
| 260 |
_aMadrid : _bEditora Nacional, _c[1985] |
||
| 300 |
_a636 p. ; _c18 cm. |
||
| 490 | 1 |
_aBiblioteca de la literatura y el pensamiento universales ; _v64 |
|
| 700 | 1 |
_aLönnrot, Elias. _973262 |
|
| 700 | 1 |
_aFernández Sánchez, Joaquín. _950067 |
|
| 700 | 1 |
_aOjanen, Ursula. _986599 |
|
| 830 | 0 |
_aBiblioteca de la literatura y el pensamiento universales ; _v64 _9182217 |
|
| 852 |
_aES-MaACL _jL-8198 _bR.108650 |
||
| 999 |
_c86133 _d86133 |
||